000 00723nam a2200193 a 4500
008 160721s2008 ||||||||||||||||| || u
020 _a9780071266758
050 _aHG 4026 Bre
100 _aMyers, Stewart C
245 1 0 _aPrinciples of corporate finance. (9th ed.)
_cBy Richard A. Brealey: Stewart C. Myers: Franklin Allen
250 _a9th ed.
260 _aBoston
_bMcGraw-Hill
_c2008
300 _axxvii, various pagings.: ill
350 _a121.00
650 _aCORPORATIONS--FINANCE
700 _aAllen, Franklin
700 _aBrealey, Richard A
995 _FCBU-MAIN LIBRARY (Kitwe)
_I121.00
_M1
_UAVAILABLE
_WAug 16, 2016
_ZMain Library Open Access Collection
999 _c54537
_d54537